000
00261nam a22001217a 4500
008
171222b xxu||||| |||| 00| 0 eng d
041
_a
eng
080
_a
159.9
100
_a
50
101
_a
PSI
245
_a
PSYCHOLOGY APPLIED
_c
PAUL.M.,M
942
_2
udc
_c
BK
999
_c
39353
_d
39353